Distribucion transversal de esfuerzos en superestructuras de puentes

Guardat en:
Dades bibliogràfiques
Autor principal: Rojas Mata, Laura
Format: Thesis Llibre
Idioma:Undetermined
Publicat: 1982
Matèries:
> > > > PUENTES
Etiquetes: Afegir etiqueta
Sense etiquetes, Sigues el primer a etiquetar aquest registre!

MARC

LEADER 00000nam a2200000Ia 4500
001 2070
008 140114s9999 xx 000 0 und d
100 |a Rojas Mata, Laura 
245 |a Distribucion transversal de esfuerzos en superestructuras de puentes 
260 |c 1982 
500 |a NULL 
502 |a Escuela de ingenieria Civil 
650 |z PUENTES 
999 |c 11474  |d 11474